<?xml version="1.0" encoding="UTF-8"?>
<record
    xmlns:xsi="http://www.w3.org/2001/XMLSchema-instance"
    xsi:schemaLocation="http://www.loc.gov/MARC21/slim http://www.loc.gov/standards/marcxml/schema/MARC21slim.xsd"
    xmlns="http://www.loc.gov/MARC21/slim">

  <leader>02329cam a2200349 i 4500</leader>
  <controlfield tag="003">SA-RiAUC</controlfield>
  <controlfield tag="005">20260123145252.0</controlfield>
  <controlfield tag="008">260122s1909    mr     g      000 0 ara c</controlfield>
  <datafield tag="040" ind1=" " ind2=" ">
    <subfield code="a">SA-RiAUC</subfield>
    <subfield code="b">ara</subfield>
    <subfield code="c">SA-RiAUC</subfield>
    <subfield code="e">rda</subfield>
  </datafield>
  <datafield tag="082" ind1="0" ind2="4">
    <subfield code="a">266.1072064</subfield>
  </datafield>
  <datafield tag="082" ind1="0" ind2="4">
    <subfield code="a">231</subfield>
    <subfield code="q">SA-RiAUC</subfield>
  </datafield>
  <datafield tag="090" ind1=" " ind2=" ">
    <subfield code="a">&#x645; &#x646;231</subfield>
    <subfield code="b">&#x645; &#x648; &#x644;</subfield>
  </datafield>
  <datafield tag="100" ind1="1" ind2=" ">
    <subfield code="a">&#x627;&#x644;&#x645;&#x648;&#x644;&#x649; &#x639;&#x628;&#x62F; &#x627;&#x644;&#x62D;&#x641;&#x64A;&#x638;&#x60C; &#x639;&#x628;&#x62F; &#x627;&#x644;&#x62D;&#x641;&#x64A;&#x638; &#x628;&#x646; &#x627;&#x644;&#x62D;&#x633;&#x646; &#x628;&#x646; &#x645;&#x62D;&#x645;&#x62F;&#x60C;</subfield>
    <subfield code="c">&#x633;&#x644;&#x637;&#x627;&#x646; &#x627;&#x644;&#x645;&#x63A;&#x631;&#x628;&#x60C;</subfield>
    <subfield code="d">1280-1356 &#x647;&#x62C;&#x631;&#x64A;</subfield>
    <subfield code="e">&#x645;&#x624;&#x644;&#x641;.</subfield>
  </datafield>
  <datafield tag="245" ind1="1" ind2="0">
    <subfield code="a">&#x64A;&#x627;&#x642;&#x648;&#x62A;&#x629; &#x627;&#x644;&#x62D;&#x643;&#x627;&#x645; &#x641;&#x64A; &#x645;&#x633;&#x627;&#x626;&#x644; &#x627;&#x644;&#x642;&#x636;&#x627;&#x621; &#x648;&#x627;&#x644;&#x623;&#x62D;&#x643;&#x627;&#x645; /</subfield>
    <subfield code="c">&#x645;&#x648;&#x644;&#x627;&#x64A; &#x639;&#x628;&#x62F; &#x627;&#x644;&#x62D;&#x641;&#x64A;&#x638; &#x61B; &#x635;&#x62D;&#x62D;&#x647;&#x627; &#x645;&#x62D;&#x645;&#x62F; &#x627;&#x644;&#x623;&#x645;&#x64A;&#x646; &#x628;&#x646; &#x623;&#x62D;&#x645;&#x62F; &#x627;&#x644;&#x648;&#x642;&#x641;.</subfield>
  </datafield>
  <datafield tag="250" ind1=" " ind2=" ">
    <subfield code="a">&#x627;&#x644;&#x637;&#x628;&#x639;&#x629; &#x627;&#x644;&#x623;&#x648;&#x644;&#x649;.</subfield>
  </datafield>
  <datafield tag="264" ind1=" " ind2="1">
    <subfield code="a">[&#x645;&#x643;&#x627;&#x646; &#x627;&#x644;&#x646;&#x634;&#x631; &#x63A;&#x64A;&#x631; &#x645;&#x62D;&#x62F;&#x62F;] :</subfield>
    <subfield code="b">[&#x627;&#x644;&#x646;&#x627;&#x634;&#x631; &#x63A;&#x64A;&#x631; &#x645;&#x62D;&#x62F;&#x62F;]&#x60C;</subfield>
    <subfield code="c">[1909]</subfield>
  </datafield>
  <datafield tag="264" ind1=" " ind2="3">
    <subfield code="a">&#x641;&#x627;&#x633;&#x60C; &#x627;&#x644;&#x645;&#x63A;&#x631;&#x628; :</subfield>
    <subfield code="b">&#x627;&#x644;&#x645;&#x637;&#x628;&#x639;&#x629; &#x627;&#x644;&#x645;&#x648;&#x644;&#x648;&#x64A;&#x629;</subfield>
  </datafield>
  <datafield tag="300" ind1=" " ind2=" ">
    <subfield code="a">126 &#x635;&#x641;&#x62D;&#x629; &#x61B;</subfield>
    <subfield code="c">28 &#x633;&#x645;</subfield>
  </datafield>
  <datafield tag="336" ind1=" " ind2=" ">
    <subfield code="a">&#x646;&#x635;</subfield>
    <subfield code="b">txt</subfield>
    <subfield code="2">rdacontent</subfield>
    <subfield code="3">&#x643;&#x62A;&#x627;&#x628;</subfield>
  </datafield>
  <datafield tag="337" ind1=" " ind2=" ">
    <subfield code="a">&#x628;&#x62F;&#x648;&#x646; &#x648;&#x633;&#x64A;&#x637;</subfield>
    <subfield code="b">n</subfield>
    <subfield code="2">rdamedia</subfield>
  </datafield>
  <datafield tag="338" ind1=" " ind2=" ">
    <subfield code="a">&#x645;&#x62C;&#x644;&#x62F;</subfield>
    <subfield code="b">nc</subfield>
    <subfield code="2">rdacarrier</subfield>
  </datafield>
  <datafield tag="500" ind1=" " ind2=" ">
    <subfield code="a">&#x642;&#x631;&#x638;&#x647; &#x645;&#x62D;&#x645;&#x62F; &#x627;&#x644;&#x62E;&#x636;&#x631; &#x628;&#x646; &#x639;&#x628;&#x62F; &#x627;&#x644;&#x644;&#x647; &#x628;&#x646; &#x645;&#x627; &#x64A;&#x627;&#x628;&#x64A; &#x627;&#x644;&#x62C;&#x643;&#x646;&#x64A;.</subfield>
  </datafield>
  <datafield tag="500" ind1=" " ind2=" ">
    <subfield code="a">&#x648;&#x631;&#x62F; &#x639;&#x644;&#x64A;&#x647;&#x627; "&#x648;&#x627;&#x641;&#x642;&#x647; &#x647;&#x630;&#x647; &#x627;&#x644;&#x646;&#x633;&#x62E;&#x629; &#x627;&#x628;&#x62A;&#x63A;&#x627;&#x621; &#x648;&#x62C;&#x647; &#x627;&#x644;&#x643;&#x631;&#x64A;&#x645; ... &#x648;&#x645;&#x646; &#x623;&#x631;&#x627;&#x62F; &#x645;&#x637;&#x627;&#x644;&#x639;&#x627;&#x62A;&#x647; &#x644;&#x644;&#x627;&#x633;&#x62A;&#x641;&#x627;&#x62F;&#x629; &#x648;&#x627;&#x644;&#x644;&#x647; &#x64A;&#x648;&#x641;&#x642; &#x627;&#x644;&#x62C;&#x645;&#x64A;&#x639; &#x625;&#x644;&#x649; &#x645;&#x627; &#x64A;&#x62D;&#x628;&#x647; &#x648;&#x64A;&#x631;&#x636;&#x64A;&#x647;&#x60C; &#x648;&#x642;&#x62F; &#x648;&#x642;&#x641;&#x647;&#x627; &#x62D;&#x633;&#x64A;&#x646; &#x628;&#x646; &#x639;&#x628;&#x62F; &#x627;&#x644;&#x631;&#x62D;&#x64A;&#x645; &#x628;&#x646; &#x639;&#x628;&#x62F; &#x627;&#x644;&#x631;&#x62D;&#x645;&#x646; &#x62C;&#x645;&#x627;&#x644; &#x627;&#x644;&#x62D;&#x631;&#x64A;&#x631;&#x64A; &#x63A;&#x641;&#x631; &#x627;&#x644;&#x644;&#x647; &#x644;&#x647; &#x648;&#x644;&#x645;&#x646; &#x62F;&#x639;&#x627; &#x644;&#x647; &#x648;&#x625;&#x644;&#x649; &#x62C;&#x645;&#x64A;&#x639; &#x627;&#x644;&#x645;&#x633;&#x644;&#x645;&#x64A;&#x646; &#x623;&#x62C;&#x645;&#x639;&#x64A;&#x646;&#x60C; &#x648;&#x645;&#x646; &#x627;&#x644;&#x644;&#x647; &#x639;&#x644;&#x64A;&#x646;&#x627; ... &#x645;&#x62D;&#x645;&#x62F; &#x635;&#x644;&#x649; &#x627;&#x644;&#x644;&#x647; &#x639;&#x644;&#x64A;&#x647; &#x648;&#x633;&#x644;&#x645;&#x60C; &#x641;&#x645;&#x646; &#x628;&#x62F;&#x644;&#x647; &#x628;&#x639;&#x62F;&#x645;&#x627; &#x633;&#x645;&#x639;&#x647; &#x641;&#x625;&#x646;&#x645;&#x627; &#x625;&#x62B;&#x645;&#x647; &#x639;&#x644;&#x649; &#x627;&#x644;&#x630;&#x64A;&#x646; &#x64A;&#x628;&#x62F;&#x644;&#x648;&#x646;&#x647;&#x60C; &#x648;&#x627;&#x644;&#x644;&#x647; &#x623;&#x639;&#x644;&#x645; &#x628;&#x627;&#x644;&#x635;&#x648;&#x627;&#x628; &#x648;&#x625;&#x644;&#x64A;&#x647; &#x627;&#x644;&#x645;&#x631;&#x62C;&#x639; ...</subfield>
  </datafield>
  <datafield tag="535" ind1="1" ind2=" ">
    <subfield code="a">&#x645;&#x62F;&#x64A;&#x631;&#x64A;&#x629; &#x627;&#x644;&#x623;&#x648;&#x642;&#x627;&#x641; &#x627;&#x644;&#x639;&#x627;&#x645;&#x629;.</subfield>
  </datafield>
  <datafield tag="650" ind1=" " ind2="7">
    <subfield code="a">&#x627;&#x644;&#x642;&#x636;&#x627;&#x621; &#x627;&#x644;&#x634;&#x631;&#x639;&#x64A;</subfield>
    <subfield code="2">aucsh</subfield>
  </datafield>
  <datafield tag="700" ind1="1" ind2=" ">
    <subfield code="a">&#x627;&#x644;&#x648;&#x642;&#x641;&#x60C; &#x645;&#x62D;&#x645;&#x62F; &#x627;&#x644;&#x623;&#x645;&#x64A;&#x646; &#x628;&#x646; &#x623;&#x62D;&#x645;&#x62F;</subfield>
    <subfield code="e">&#x645;&#x635;&#x62D;&#x62D;.</subfield>
  </datafield>
  <datafield tag="856" ind1="4" ind2=" ">
    <subfield code="u">http://10.10.10.21/hipres/1388/book.Web/bookTestPage.html</subfield>
  </datafield>
  <datafield tag="856" ind1="4" ind2=" ">
    <subfield code="u">http://10.0.0.80:1112/M.Alsamman/1388.pdf</subfield>
  </datafield>
  <datafield tag="942" ind1=" " ind2=" ">
    <subfield code="2">ddc</subfield>
    <subfield code="c">RBOOK COPY</subfield>
    <subfield code="n">0</subfield>
  </datafield>
  <datafield tag="949" ind1=" " ind2=" ">
    <subfield code="a">SA-JeALM</subfield>
    <subfield code="d">260122</subfield>
    <subfield code="u">mohamedma123</subfield>
    <subfield code="n">1</subfield>
  </datafield>
  <datafield tag="952" ind1=" " ind2=" ">
    <subfield code="0">0</subfield>
    <subfield code="1">0</subfield>
    <subfield code="2">ddc</subfield>
    <subfield code="4">0</subfield>
    <subfield code="7">0</subfield>
    <subfield code="a">WAHAB</subfield>
    <subfield code="b">WAHAB</subfield>
    <subfield code="d">2026-01-23</subfield>
    <subfield code="l">0</subfield>
    <subfield code="o">&#x645; &#x646;231  &#x645; &#x648; &#x644;</subfield>
    <subfield code="p">000022593</subfield>
    <subfield code="r">2026-01-23 14:53:23</subfield>
    <subfield code="w">2026-01-23</subfield>
    <subfield code="y">RBOOK COPY</subfield>
  </datafield>
  <datafield tag="999" ind1=" " ind2=" ">
    <subfield code="c">14147</subfield>
    <subfield code="d">14147</subfield>
  </datafield>
</record>
